X Trilogy : Collector's Edition Box Set : X /

Primera parte de la trilogía de Maxine. En los años 70, un grupo de amigos rentan una granja en Texas para filmar una película pornográfica. Sin embargo, desconocen que los anfitriones, una pareja de ancianos, esconden un pasado trágico.

Salvato in:
Dettagli Bibliografici
Autore principale: West, Ti (realización)
Altri autori: West, Ti (guión) (guión), Rockett, Eliot (fotógrafo) (fotógrafo), Turzanska, Malgosia (vestuario) (vestuario), Kashevaroff, David (montaje) (montaje), West, Ti (montaje) (montaje), Bates, Tyler (música) (música), Wolfe, Chelsea (música) (música), Goth, Mia (actuación) (actuación), Ortega, Jenna (actuación) (actuación), Snow, Brittany (actuación) (actuación), Rockett, Eliot (comentarios) (comentarios), Hammock, Tom (comentarios) (comentarios), Dieringer, Jon (texto del folleto) (texto del folleto)
Natura: Videodisco
Lingua:inglese
Pubblicazione: EUA : Little Lamb : Mad Solar Productions, 2022, c2022
Edizione:Edición especial
Serie:(A24 ; 27/1)
Soggetti:
Tags: Aggiungi Tag
Nessun Tag, puoi essere il primo ad aggiungerne!!

MARC

LEADER 00000ngm^a2200000^a^4500
001 000630093
005 20260410000000.0
009 20260410195516.933
020 |a 978-1-960078-41-4 
037 |a Acervo ITESO - Biblioteca 
041 |a ING 
082 |a 808. 8  |b ATW V. 27 T. 1 
100 |a West, Ti  |e (realización) 
240 1 1 |a [X Trilogy] 
240 1 1 |a [Maxine] 
240 1 1 |a [X, de Ti West] 
245 1 0 |a X Trilogy :  |b Collector's Edition Box Set : X /  |c Realización de T. West. 
246 2 |a Título en México: X 
250 |a Edición especial 
264 4 |a EUA :  |b Little Lamb :  |b Mad Solar Productions,  |c 2022, c2022 
264 2 |a Nueva York, EUA :  |b A24 [distribución],  |c 2025, c2025 
300 |a 1 blu-ray región A (106, 16 min.) :  |b color 
336 |a imagen móvil bidimensional  |b tdi  |2 rdacontenido 
337 |a video  |b v  |2 rdamedio 
338 |a videodisco  |b vd  |2 rdasoporte 
440 1 |a (A24 ;  |v 27/1) 
520 |a Primera parte de la trilogía de Maxine. En los años 70, un grupo de amigos rentan una granja en Texas para filmar una película pornográfica. Sin embargo, desconocen que los anfitriones, una pareja de ancianos, esconden un pasado trágico. 
546 |a En inglés, con subtítulos opcionales: español, inglés 
546 |a Audiodescripción en inglés, para ciegos y débiles visuales 
649 |a XX 
650 |a Actores en el Cine 
650 |a Hippies en el Cine 
650 |a Asesinos en Serie en el Cine 
650 |a Mujeres en el Cine 
650 |a Ancianos en el Cine 
650 |a Granjas y Ranchos en el Cine 
650 |a Producción Cinematográfica -  |z EUA 
650 |a Making Of (Documentales detrás de Cámaras) 
650 |a Películas de Suspenso y Terror 
650 |a Cine Independiente -  |z EUA 
650 |a Cine Norteamericano -  |y 2020-2029 
650 |a Cine Norteamericano -  |y Siglo XXI 
650 |a Cine Norteamericano -  |x Historia y Crítica 
650 |a Erotismo en el Cine 
650 |a Extorsión 
650 |a Asesinato 
650 |a Pornografía -  |z EUA -  |x Aspectos Sociales y Culturales 
650 |a Sexualidad 
650 |a Psicopatología y Delito 
650 |a Texas, EUA en el Cine 
700 |a West, Ti  |e (guión) 
700 |a Rockett, Eliot  |e (fotógrafo) 
700 |a Turzanska, Malgosia  |e (vestuario) 
700 |a Kashevaroff, David  |e (montaje) 
700 |a West, Ti  |e (montaje) 
700 |a Bates, Tyler  |e (música) 
700 |a Wolfe, Chelsea  |e (música) 
700 |a Goth, Mia  |e (actuación) 
700 |a Ortega, Jenna  |e (actuación) 
700 |a Snow, Brittany  |e (actuación) 
700 |a Rockett, Eliot  |e (comentarios) 
700 |a Hammock, Tom  |e (comentarios) 
700 |a Dieringer, Jon  |e (texto del folleto) 
740 0 |a X =  |b X /  |c Realización de T. West. 
740 3 |a An XXXtraordinary History of Cinema /  |c Texto del folleto de J. Dieringer. 
910 |a Fondo General 
920 |a Audiovisuales - Blu-rays 
940 |a Películas 
905 |a 309 
901 |a 630385-10  |b IT2  |c BRR  |i C193243  |u 20260410 
902 |a https://opac.biblio.iteso.mx/vufind/Record/000630093